The digital computer : (Record no. 176438)
[ view plain ]
| 000 -LEADER | |
|---|---|
| fixed length control field | 00664 a2200169 4500 |
| 003 - CONTROL NUMBER IDENTIFIER | |
| control field | Nust |
| 005 - DATE AND TIME OF LATEST TRANSACTION | |
| control field | 20220725125934.0 |
| 020 ## - INTERNATIONAL STANDARD BOOK NUMBER | |
| International Standard Book Number | 0335027520 |
| 040 ## - CATALOGING SOURCE | |
| Transcribing agency | Nust |
| 082 ## - DEWEY DECIMAL CLASSIFICATION NUMBER | |
| Classification number | 004.16,OPE |
| 245 ## - TITLE STATEMENT | |
| Title | The digital computer : |
| Remainder of title | computer hardware devices and subsystems / |
| Statement of responsibility, etc. | W.S. Matheson |
| 250 ## - EDITION STATEMENT | |
| Remainder of edition statement | Unit.6 and Unit.7 |
| 260 ## - PUBLICATION, DISTRIBUTION, ETC. | |
| Place of publication, distribution, etc. | Walton |
| Name of publisher, distributor, etc. | the Open University |
| Date of publication, distribution, etc. | 1975 |
| 300 ## - PHYSICAL DESCRIPTION | |
| Extent | 50 p. |
| 505 ## - FORMATTED CONTENTS NOTE | |
| Formatted contents note | Introduction (Page-9), Primitive Devices (Page-10), Communication Devices And Subsystems (Page-16), Storage Devices And Subsystems (Page-23), Processing Devices And Subsystems (Page-31), Controlling The Major Subsystems (Page-37) |
| 942 ## - ADDED ENTRY ELEMENTS (KOHA) | |
| Source of classification or shelving scheme | |
| Koha item type | Book |
| Call number prefix | 004.16,OPE |
| Withdrawn status | Lost status | Source of classification or shelving scheme | Damaged status | Not for loan | Permanent Location | Current Location | Shelving location | Date acquired | Full call number | Barcode | Date last seen | Price effective from | Koha item type | Public note |
|---|---|---|---|---|---|---|---|---|---|---|---|---|---|---|
| Military College of Signals (MCS) | Military College of Signals (MCS) | General Stacks | 12/12/2016 | 004.16,OPE | MCS3447 | 12/08/2016 | 12/12/2016 | Book | Almirah No.2, Shelf No.1 |
